| 000 | 00646nam a22001697a 4500 | ||
|---|---|---|---|
| 003 | OSt | ||
| 005 | 20150408114116.0 | ||
| 008 | 130205t 2011jo ||||g |||| 00| 0 ara d | ||
| 040 | _aMa-un | ||
| 082 |
_221 _a005.133 _bر غ م |
||
| 100 |
_aرحو، غازي إبراهيم _920806 |
||
| 245 |
_aمقدمة في علم الحاسوب والبرمجة / _cغازي إبراهيم رحو، عماد عبد الوهاب الصباغ. |
||
| 300 |
_a331 ص. : _bايض. ؛ _c24 سم. |
||
| 650 |
_93181 _aالحاسبات الالكترونية _xبرامح. |
||
| 650 |
_93284 _aالحاسبات الآلكترونية _xبرمجة. |
||
| 942 |
_2ddc _cBOOK |
||
| 999 |
_c27636 _d262136 |
||